Quando mori' Jonathan

में बचाया:
ग्रंथसूची विवरण
मुख्य लेखक: Duvert Tony
स्वरूप: पुस्तक
भाषा:अज्ञात या अवैध भाषा
प्रकाशित: Milano ES 1997
टैग: टैग जोड़ें
कोई टैग नहीं, इस रिकॉर्ड को टैग करने वाले पहले व्यक्ति बनें!

MARC

LEADER 00000nam a2200000Ia 4500
001 182
003 NUMERAZIONE-ORIGINALE-BRESCIA
005 20260206230749.0
008 260206s9999 xx 000 0 und d
100 |a Duvert Tony 
245 0 |a Quando mori' Jonathan 
260 |a Milano 
260 |b ES 
260 |c 1997 
500 |a Biblioteca dell'Eros 
942 |2 ddc  |c BK  |n 0 
952 |0 0  |1 0  |2 ddc  |4 0  |6 23  |7 0  |9 28379  |a BS  |b BS  |d 2026-02-06  |i 182  |l 0  |o 2-3-*  |r 2026-02-06 22:40:33  |w 2026-02-06  |x [REVISIONARE]  |y BK 
999 |c 24063  |d 24063